Function spaces, entropy numbers and differential operators
Αποθηκεύτηκε σε:
| Κύριος συγγραφέας: | |
|---|---|
| Άλλοι συγγραφείς: | |
| Μορφή: | Βιβλίο |
| Γλώσσα: | English |
| Δημοσίευση: |
Cambridge :
Cambridge University Press,
1996
|
| Σειρά: | Cambridge tracts in mathematics ;
; 120 |
| Θέματα: | |
| Ετικέτες: |
Προσθήκη ετικέτας
Δεν υπάρχουν, Καταχωρήστε ετικέτα πρώτοι!
|
MARC
| LEADER | 00000nam a2200000 i 4500 | ||
|---|---|---|---|
| 001 | 1/74961 | ||
| 008 | 990520s1996 eng d | ||
| 020 | |a 0-521-56036-5 | ||
| 035 | |l 10049215 | ||
| 040 | |a GR-MY-UA |b gre |e aacr | ||
| 041 | 0 | |a eng | |
| 082 | 0 | |a 515.73 | |
| 100 | 1 | |a Edmunds, D. E. |q (David Eric) | |
| 245 | 1 | 0 | |a Function spaces, entropy numbers and differential operators / |c D.E. Edmunds, H. Triebel |
| 260 | |a Cambridge : |b Cambridge University Press, |c 1996 | ||
| 300 | |a xi, 252 p.; |b ill.; |c 24 cm. | ||
| 490 | 1 | |a Cambridge tracts in mathematics |v ; 120 | |
| 500 | |a Includes bibliographical references and index | ||
| 650 | 0 | 0 | |a Function spaces. |
| 650 | 0 | 0 | |a Entropy (Information science) |
| 650 | 0 | 0 | |a Differential operators. |
| 700 | 1 | |a Triebel, Hans. | |
| 830 | 0 | |a Cambridge tracts in mathematics ; |v ; 120 | |
| 852 | |a INST |b SAMOS |e 19990520 |h 515.73 EDM |p 005300012909 |q 005300012909 |t BK |y 0 | ||
| 901 | |a BIBL3-1999-2 | ||
| 909 | |a Σ |b 063865 | ||
| 922 | |a 3ΕΛΗ |b 199901 |c ΚΠΣ |d GLORY | ||
| 950 | |a 116-1998-08-10 | ||